000 00472nam a2200193 a 4500
001 1758096254012
003 ACL
005 20250917133613.0
008 250917s2005##################000#0#eng##
020 _a9780748619009
082 0 4 _a791.4575
_bHAM
100 1 _aHammond, Michael,
_eauthor.
245 1 0 _aThe Contemporary Television Series :
260 _c2005.
300 _a280 pages
650 0 _aPerforming Arts.
942 _cENGLISH
040 _aACL
_beng
_cACL
999 _c587667
_d587667